Essentials of Inorganic Chemistry 1 /

Saved in:
Bibliographic Details
Main Author: Mingos, D.Michael P (Author)
Format: Book
Language:English
Published: Oxford University Press 1995
Series:Oxford Chemistry Primers 28
Subjects:
Tags: Add Tag
No Tags, Be the first to tag this record!

MARC

LEADER 00000nam a22000003a 4500
001 0100409
003 SK-STU
005 20230130102929.1
007 ta
008 230130s ----xo-----e------000-0-----d
020 |a 978-0-19-855848-4 
040 |a STU  |b slo 
041 0 |a eng 
044 |a xxk 
100 1 |a Mingos, D.Michael P  |4 aut 
245 1 0 |a Essentials of Inorganic Chemistry 1 /  |c aut. D.Michael P Mingos 
260 |a Oxford  |b University Press  |c 1995 
300 |a 91 s. 
490 0 |a Oxford Chemistry Primers  |v 28 
650 0 7 |a anorganická chémia 
996 |b 284M089254  |c M* 14735-1  |l MMKN  |s A  |a 24  |w 0100409_0001